Deltaic sand bodies : short course, June 7, l980, Denver, Colorado /

Bibliographic Details
Main Author: Coleman, James M.
Other Authors: Prior, David B.
Format: Book
Language:English
Published: Tulsa, Okla. : Department of Education, American Association of Petroleum Geologists, 1980.
Series:AAPG continuing education course note series ; no. 15.
Subjects:

MARC

Tag First Indicator Second Indicator Subfields
LEADER 00000cam a22000005a 4500
001 in00000085297
005 20151008055828.0
008 800626s1980 okua b 10010 eng d
020 |a 0891811648 
035 |a (OCoLC)06461710 
035 |9 AAJ4499AM 
040 |a OCS  |c OCS  |d m.c.  |d OCL  |d TXA  |d UtOrBLW 
049 |a TXAM  |c [1655203] 
090 |a QE581  |b .C7 
100 1 |a Coleman, James M. 
245 1 0 |a Deltaic sand bodies :  |b short course, June 7, l980, Denver, Colorado /  |c James M. Coleman, David B. Prior. 
264 1 |a Tulsa, Okla. :  |b Department of Education, American Association of Petroleum Geologists,  |c 1980. 
300 |a 171 pages :  |b illustrations ;  |c 28 cm. 
336 |a text  |b txt  |2 rdacontent 
337 |a unmediated  |b n  |2 rdamedia 
338 |a volume  |b nc  |2 rdacarrier 
490 1 |a AAPG continuing education course note series ;  |v no. 15 
504 |a Bibliography: pages 157-169. 
650 0 |a Sedimentation and deposition. 
650 0 |a Deltas. 
700 1 |a Prior, David B. 
830 0 |a AAPG continuing education course note series ;  |v no. 15. 
999 |a MARS 
999 f f |s cf608af8-0259-3a64-9bae-f74247bfb5bd  |i 627449ce-4d3d-36d3-8580-d1c11b67cbc8  |t 0 
952 f f |p ric  |a Texas A&M University  |b Rellis Campus  |c Joint Library Facility  |s JLF  |d Remote Storage  |t 0  |e QE581 .C7  |h Library of Congress classification  |i unmediated -- volume  |m A14806215278 
998 f f |a QE581 .C7  |t 0  |l Remote Storage